000 00950nas a2200313 4500
001 BR0809720
003 BR-BrBNA
005 20231205112749.0
007 ta
008 230509b bl.|||p| |||| 00| 00por d
040 _aBR-BrBNA
_bpor
_cBiblioteca Nacional de Agricultura
041 _a(Pt)
072 _aL72; L70
100 1 _aAlmeida, L.R. de
100 1 _aCunha, N.C. da
100 1 _aLisbôa, R.S.
100 1 _aMadureira, R.C.
100 1 _aRangel, C.P.
100 1 _aViana, E.B.
100 1 _aFonseca, A.H. da
245 1 _aParâmetros biológicos de fêmeas adultas Amblyomma cajennense alimentadas em coelhos tratados com bioterápico ultradiluído
650 _aCOELHO
650 _aHOMEOPATIA
650 _aINFESTAÇÃO
650 _aCARRAPATO
773 0 _tCiência Rural (Brazil)
_xISSN 0103-8478
_g(Aug 2008), v. 38(5) p. 1476-1478
_wBR0809720
909 _a202311
_bLúcia
_c55
_dLúcia Elande
942 _2AGRIS
_n0
_cANA
999 _c199833
_d199833